000 00944nam a2200217 a 4500
001 000144155
003 AM-YEHGA
005 20250617122950.0
008 030329s1981 ru ||||gr|||||||||0|rus|d
040 _aAM-YeHGA
041 0 _arus
100 1 _aСирунян, Тельман Арменакович
245 1 0 _aПалеомагнетизм мезозоя Армянской ССР /
_cТ.А. Сирунян ; АН АрмССР, Ин-т геофизики и инж. сейсмологии.
246 1 5 _aՀայկական ՍՍՀ մեզոզոյի հնէամագնիսականությունը
260 _aЕреван :
_bИзд-во АН АрмССР,
_c1981.
300 _a155 с. :
_bил. ;
_c21 см.
650 1 4 _aПалеомагнетизм
_yМезозой
_zАрмССР
710 2 _aИнститут геофизики и инженерной сейсмологии АН АрмССР
942 _2udc
_cBK
090 _c49373
999 _c48613
_d48613